000 00410nam a2200157Ia 4500
008 210210b1980 xxu||||| |||| 00| 0 eng d
082 _a346.066 KAPC
100 _aKAPOOR (N D).
245 _aCompany law and secretarial practice. Ed.2
250 _a
260 _aND
_bSultan Chand & Sons
_c1980
300 _a492
650 _aCompany law & secretarial practice
690 _aCompany Law
906 _a035018
999 _c85941
_d85941